书目信息 |
| 题名: |
地下工程施工对历史建筑影响的研究与实践
|
|
| 作者: | 阳吉宝 著 | |
| 分册: | ||
| 出版信息: | 上海 同济大学出版社 2019 |
|
| 页数: | 320页 | |
| 开本: | 26cm | |
| 丛书名: | ||
| 单 册: | ||
| 中图分类: | TU-87 | |
| 科图分类: | ||
| 主题词: | 地下工程--工程施工--影响--古建筑--保护 | |
| 电子资源: | ||
| ISBN: | 978-7-5608-8779-1 | |
| 000 | 01316nam0 2200265 450 | |
| 001 | 2072815321 | |
| 005 | 20201107201344.16 | |
| 010 | @a978-7-5608-8779-1@dCNY128.00 | |
| 100 | @a20200518d2019 em y0chiy50 ea | |
| 101 | 0 | @achi |
| 102 | @aCN@b310000 | |
| 105 | @aa z 001yy | |
| 200 | 1 | @a地下工程施工对历史建筑影响的研究与实践@9di xia gong cheng shi gong dui li shi jian zhu ying xiang de yan jiu yu shi jian@f阳吉宝著 |
| 210 | @a上海@c同济大学出版社@d2019 | |
| 215 | @a320页@c图@d26cm | |
| 300 | @a上海科技专著出版基金资助项目 | |
| 312 | @a封面英文题名:Research and practice on the influence of underground construction on historical buildings | |
| 330 | @a本书围绕地下工程施工对邻近历史建筑扰动影响问题,阐述了城市历史建筑保护要求以及地下工程设计与施工新技术,力图解决地下空间开发利用与历史建筑保护之间的矛盾。全书介绍了最新发展的可最大限度减小地下工程施工对周边环境影响的地下工程设计与计算理论,以及施工新技术、新工艺,有助于地下工程设计与施工新理念、新技术的发展与推广运用。 | |
| 510 | 1 | @aResearch and practice on the influence of underground construction on historical buildings@zeng |
| 606 | 0 | @a地下工程@x工程施工@x影响@x古建筑@x保护 |
| 690 | @aTU-87@v5 | |
| 701 | 0 | @a阳吉宝@9yang ji bao@4著 |
| 801 | 2 | @aCN@bOLCC@c20201012 |
| 801 | 0 | @aCN@bahlib@c20201012 |
| 905 | @aZUCC@dTU-87@eY133 | |
| 地下工程施工对历史建筑影响的研究与实践/阳吉宝著.-上海:同济大学出版社,2019 |
| 320页:图;26cm |
| 上海科技专著出版基金资助项目 |
| ISBN 978-7-5608-8779-1:CNY128.00 |
| 本书围绕地下工程施工对邻近历史建筑扰动影响问题,阐述了城市历史建筑保护要求以及地下工程设计与施工新技术,力图解决地下空间开发利用与历史建筑保护之间的矛盾。全书介绍了最新发展的可最大限度减小地下工程施工对周边环境影响的地下工程设计与计算理论,以及施工新技术、新工艺,有助于地下工程设计与施工新理念、新技术的发展与推广运用。 |
| ● |
| 相关链接 |
|
|
|
正题名:地下工程施工对历史建筑影响的研究与实践
索取号:TU-87/Y133
 
预约/预借
| 序号 | 登录号 | 条形码 | 馆藏地/架位号 | 状态 | 备注 |
| 1 | 1486966 | 214869668 | 建筑库101/101建筑库 22排1列2层/ [索取号:TU-87/Y133] | 在馆 |